[Event "Moscow op-E"]
[Site "Moscow"]
[Date "2011.02.01"]
[Round "4.64"]
[White "Kotov, Andrey"]
[Black "Borisenko, Andrei"]
[Result "1/2-1/2"]
[WhiteElo "2161"]
[BlackElo "2415"]
[PlyCount "63"]
[EventDate "2011.01.29"]
[EventType "swiss"]
[EventRounds "9"]
[EventCountry "RUS"]
[SourceTitle "EXT 2022"]
[Source "ChessBase"]
[SourceDate "2021.10.06"]
[SourceVersion "1"]
[SourceVersionDate "2021.10.06"]
[SourceQuality "1"]

1. e4 c6 2. Nf3 d5 3. exd5 cxd5 4. d4 Nc6 5. c3 Qc7 6. Bd3 Bg4 7. Be3 e6 8. Nbd2 Bd6 9. Qc2 Bh5 10. 0-0-0 Bg6 11. Kb1 Nge7 12. g4 b5 13. h4 b4 14. h5 Bxd3 15. Qxd3 bxc3 16. Qxc3 Rb8 17. Rc1 Qb6 18. Nb3 Qb4 19. Qd3 h6 20. Rc2 Qa4 21. Bd2 Qb5 22. Qe3 a5 23. Rhc1 0-0 24. Nc5 Bxc5 25. dxc5 Qa4 26. Bc3 Qe4 27. Qxe4 dxe4 28. Ne5 Rfc8 29. Nc4 Nb4 30. Bxb4 axb4 31. Nd6 Rc6 32. Nxe4 1/2-1/2

[Event "Moscow op-B"]
[Site "Moscow"]
[Date "2009.02.07"]
[Round "8"]
[White "Kotov, Andrey"]
[Black "Pozdeev, Nikita"]
[Result "1-0"]
[WhiteElo "2254"]
[BlackElo "1988"]
[PlyCount "47"]
[EventDate "2009.01.31"]
[EventType "swiss"]
[EventRounds "9"]
[EventCountry "RUS"]
[SourceTitle "EXT 2012"]
[Source "ChessBase"]
[SourceDate "2011.11.24"]
[SourceVersion "1"]
[SourceVersionDate "2011.11.24"]
[SourceQuality "1"]

1. e4 e6 2. Nf3 d5 3. exd5 exd5 4. d4 Bg4 5. Bd3 Bd6 6. c3 c6 7. 0-0 Nd7 8. Re1+ Ne7 9. Bg5 f6 10. Bh4 0-0 11. Qc2 g6 12. Nbd2 Nf5 13. Bg3 Bxg3 14. hxg3 Re8 15. Nh2 h5 16. Nxg4 hxg4 17. Bxf5 gxf5 18. Qxf5 Nb6 19. Qxg4+ Kf7 20. Qh5+ Kg7 21. Nf3 Qd7 22. Nh4 Rxe1+ 23. Rxe1 Kg8 24. Nf5 1-0

[Event "Nizhnij Novgorod-ch 60th"]
[Site "Nizhnij Novgorod"]
[Date "2008.03.??"]
[Round "?"]
[White "Kotov, Andrey"]
[Black "Shilnikov, Igor S"]
[Result "1-0"]
[WhiteElo "2254"]
[BlackElo "1980"]
[PlyCount "53"]
[EventDate "2008.03.??"]
[EventType "swiss"]
[EventRounds "9"]
[EventCountry "RUS"]
[SourceTitle "EXT 2010"]
[Source "ChessBase"]
[SourceDate "2010.11.25"]
[SourceVersion "1"]
[SourceVersionDate "2010.11.25"]
[SourceQuality "1"]

1. e4 e5 2. Nf3 Nc6 3. Nc3 Nf6 4. d4 exd4 5. Nxd4 Bb4 6. Nxc6 bxc6 7. Bd3 h6 8. 0-0 d6 9. a3 Bc5 10. Na4 Bb6 11. Nxb6 axb6 12. f4 Qe7 13. Qe2 Bg4 14. Qe3 Bd7 15. b3 0-0 16. Bb2 Rfe8 17. Rae1 c5 18. e5 Ng4 19. Qg3 h5 20. h3 h4 21. Qf3 Nh6 22. f5 dxe5 23. Rxe5 Qg5 24. Rfe1 Rad8 25. f6 Qd2 26. Bc3 Qxe1+ 27. Rxe1 1-0